000
00293nam a2200121Ia 4500
008
210430s9999 xx 000 0 und d
082
_a
510W811C
100
_a
Smedley,Wiseman
_9
54974
245
_a
Core Maths
_c
Smedley,Wiseman
260
_a
oxford
_c
1987
300
_a
312p.
942
_c
BK
_2
ddc
999
_c
565906
_d
565906